000 00685 a2200205 4500
999 _c5870
_d5870
020 _a0201080176 (AddisonWesley : v. 1)
020 _a0201500183 (AddisonWesley : v. 2)
050 0 0 _aQA769. SCH 1994
100 _aSchafer Wilhelm
_eeditor
245 0 0 _aSoftware reusability /
_cedited by Ted J. Biggerstaff, Alan J. Perlis.
264 _aNew York :
_bEllis Horwood.,
_c1994
300 _a2 v. :160 pages
_bill. ;
440 0 _aACM Press frontier series
500 _aIncludes indexes.
504 _aIncludes bibliographical references.
650 0 _aComputer software
_xReusability.
700 1 _aBiggerstaff, Ted J.
700 1 _aPerlis, Alan J.
942 _2lcc
_cBK
_h769
_iSCH
_kQA